000
00215nam a2200097Ia 4500
008
230907s9999||||xx |||||||||||||| ||und||
082
_a
6
_b
SEM
245
0
_a
Semantic applications :
300
_a
264 p.
942
_c
BK
999
_c
599370
_d
599370